000 01086nam a2200277 i 4500
001 184318
003 ES-MaACL
005 20231117110847.0
008 150617s1996 sp aceo |||| | spa d
020 _a84-89569-00-2
080 _a614.21(460.27 M.)(091)
100 1 _aVidal Galache, Florentina.
_9157066
245 1 0 _aFundación Carlos de Amberes
_b: historia del Hospital de San Andrés de los Flamencos, 1594-1994 /
_cFlorentina Vidal Galache, Benicia Vidal Galache.
250 _aEd. de 1.100 ejempl.
260 _aMadrid :
_bNerea :
_bFundación Carlos de Amberes,
_c[1996]
300 _a271 p. :
_bil. col. y n., fot., planos ;
_c29 cm.
500 _aApéndice documental.
500 _aÍndice onomástico.
504 _aBibliografía: p. 257-266.
610 2 7 _aHospital de San Andrés de los Flamencos (Madrid)-
_vHistoria.
_9157067
700 1 _aVidal Galache, Benicia.
_9157068
710 2 _aFundación Carlos de Amberes.
_94246
852 _aES-MaACL
_jA-13460
_9 191314
_bR.150150
_cDEPO1
_dOlim: N-6460
_xenc. tela
942 _2udc
999 _c184318
_d184318